1189 1161 1368 1081 1160 1765 1975 1628 1993 1702 1051 1224 1940 1338 1592 1716 1887 1171 1410 1879 1960 1129 1961 1834 1351 1774 1450 1716 1506 1278 1346 1879 1872 1488 1302 1853 1010 1194 1739 1924 1563 1491 1696 1402 1262 1300 1675 1842 1228 1828 1697 1791 1662 1679 1013 1490 1300 1590 1188 1198 1673 1058 1678 1894 1230 1436 1401 1636 1213 1464 1917 1804 1936 1213 1385 1574 1911 1406 1533 1494 1021 1692 1157 1486 1641 1597 1904 1775 1794 1963 1400 1237 1169 1899 1944 1466 1324 1388 1484 BCNSPRNW ULIB Ver.6.0+V

เปลี่ยนเป็นภาษาไทย

Change to English
 แสดงรายละเอียดบรรณานุกรม
  กลับหน้าหลัก

Brief Record : Get Marc (ISO 2709) : E-mail record : QR code < ปิดหน้าต่าง
LEADER : 00000nam 2200000uu 4500
001    13399108422
003     ULIB
008    110303s2001||||th 000 0 eng d
020    0781721229
060  4 WY106^bA432C 2001
100 0  Judith Ann Allender
245 00 Community health nursing:Concepts and Practice/^cJudith Ann Allender
250    5 edition
260    Philadelphia:^bLippincott,^c2001
300    799
650  7 Community health nursing
650  7 Community health Practice
650  7 Ethics in Community Health Nursing
650  7 Health
700 0  Barbara Walton Spradley
945    ^p2640^l0^i015207
945    ^p2640^l0^i014334
995    ทศพร
999 ^a ใช้งานได้ทุกระบบ
รายการนี้ยังไม่มีแท็ก
คุณยังไม่ได้ล็อกอิน คุณสามารถมีกิจกรรมร่วมกับเว็บไซต์ได้ แต่ต้องล็อกอินก่อน ::
  ล็อกอิน

รายการสื่อสารสนเทศ

ลำดับที่ ประเภท เลขเรียก/บาร์โค้ด สถานที่ สถานะ
- ไม่พบข้อมูล -

รายการใกล้เคียง
    ผู้แต่ง [Judith Ann Allender]

    หัวเรื่อง [Community health nursing]
    หัวเรื่อง [Health]

BibComment


ยังไม่เคยถูกคอมเมนท์

คอมเมนท์ทรัพยากรรายการนี้
  คอมเมนท์: Community health ..


 Copyright 2026. Bcnsprnw @Library